[Event "1st 4NCL Easter Congress"]
[Site "Stevenage"]
[Date "2019.04.22"]
[Round "6"]
[Board "1"]
[White "Nelson, Omowale A"]
[Black "Johnson, Richard J"]
[Result "1/2-1/2"]
[WhiteElo "1953"]
[BlackElo "1922"]
[PlyCount "0"]
[EventDate "2019.04.19"]
[EventRounds "7"]
[EventCountry "ENG"]

1. d4 {[%clk 01:28:09]} {[%emt 00:00:05]} d6 {[%clk 01:30:57]} 2. Nf3 {[%clk
01:28:13]} g6 {[%clk 01:31:22]} 3. c4 {[%clk 01:28:29]} Bg7 {[%clk 01:31:48]} 4.
e4 {[%clk 01:28:01]} Nf6 {[%clk 01:32:14]} 5. Nc3 {[%clk 01:28:26]} O-O {[%clk
01:32:39]} 6. h3 {[%clk 01:28:41]} e5 {[%clk 01:31:08]} 7. d5 {[%clk 01:29:04]}
a5 {[%clk 01:31:34]} 8. Be3 {[%clk 01:29:23]} Na6 {[%clk 01:32:00]} 9. g4
{[%clk 01:28:22]} c6 {[%clk 01:29:48]} 10. Nd2 {[%clk 01:25:02]} cxd5 {[%clk
01:19:13]} 11. cxd5 {[%clk 01:24:11]} Bd7 {[%clk 01:19:16]} 12. Nc4 {[%clk
01:12:24]} b5 {[%clk 01:15:37]} 13. Nxd6 {[%clk 01:06:57]} Bxg4 {[%clk
01:15:48]} 14. hxg4 {[%clk 01:07:01]} Qxd6 {[%clk 01:16:13]} 15. g5 {[%clk
00:59:47]} Nh5 {[%clk 01:11:52]} 16. Bxb5 {[%clk 00:56:45]} Qb4 {[%clk
01:11:32]} 17. Rb1 {[%clk 00:44:56]} Rfc8 {[%clk 01:08:21]} 18. Bc6 {[%clk
00:42:22]} Nf4 {[%clk 01:00:28]} 19. Qd2 {[%clk 00:33:49]} Nc5 {[%clk
00:57:32]} 20. Bxc5 {[%clk 00:30:33]} Qxc5 {[%clk 00:57:58]} 21. Bxa8 {[%clk
00:30:47]} Rxa8 {[%clk 00:58:17]} 22. Rg1 {[%clk 00:22:49]} Qc4 {[%clk
00:53:57]} 23. Rg3 {[%clk 00:23:00]} Bf8 {[%clk 00:54:08]} 24. Rc1 {[%clk
00:21:14]} h5 {[%clk 00:48:47]} 25. d6 {[%clk 00:15:12]} h4 {[%clk 00:41:23]}
26. Rf3 {[%clk 00:09:20]} Rd8 {[%clk 00:36:51]} 27. Rxf4 {[%clk 00:08:50]} Rxd6
{[%clk 00:37:15]} 28. Qe2 {[%clk 00:08:01]} Qxe2+ {[%clk 00:36:05]} 29. Kxe2
{[%clk 00:08:31]} exf4 {[%clk 00:36:26]} 30. Nd5 {[%clk 00:08:05]} Bg7 {[%clk
00:32:03]} 31. b3 {[%clk 00:08:24]} Re6 {[%clk 00:30:29]} 32. Kf3 {[%clk
00:08:34]} Be5 {[%clk 00:27:24]} 33. Kg4 {[%clk 00:08:00]} Bd4 {[%clk
00:26:29]} 34. Kf3 {[%clk 00:07:40]} Re5 {[%clk 00:26:10]} 35. Kxf4 {[%clk
00:07:54]} Kg7 {[%clk 00:25:49]} 36. Rc4 {[%clk 00:06:43]} Bb2 {[%clk
00:26:02]} 37. Nf6 {[%clk 00:06:24]} Re6 {[%clk 00:25:50]} 38. Ng4 {[%clk
00:06:31]} Ba3 {[%clk 00:25:21]} 39. e5 {[%clk 00:06:26]} Bb4 {[%clk 00:25:39]}
40. Ke4 {[%clk 00:05:47]} Be1 {[%clk 00:23:27]} 41. Rc7 {[%clk 00:05:50]} h3
{[%clk 00:23:12]} 42. f4 {[%clk 00:04:24]} Bg3 {[%clk 00:22:58]} 43. Kf3 {[%clk
00:03:59]} h2 {[%clk 00:23:18]} 44. Rc1 {[%clk 00:04:26]} Rc6 {[%clk 00:23:30]}
45. Rh1 {[%clk 00:04:39]} Rc3+ {[%clk 00:23:51]} 46. Ne3 {[%clk 00:04:44]} Kf8
{[%clk 00:22:29]} 47. Kxg3 {[%clk 00:04:42]} Rxe3+ {[%clk 00:22:53]} 48. Kf2
{[%clk 00:05:04]} Rc3 {[%clk 00:21:53]} 49. Rxh2 {[%clk 00:05:29]} Ke7 {[%clk
00:22:18]} 50. Rh8 {[%clk 00:03:49]} Rc2+ {[%clk 00:22:35]} 51. Ke3 {[%clk
00:04:17]} Rxa2 {[%clk 00:22:58]} 52. Ra8 {[%clk 00:03:49]} Ra3 {[%clk
00:22:53]} 53. Ke4 {[%clk 00:04:02]} Rxb3 {[%clk 00:23:14]} 54. Ra7+ {[%clk
00:03:37]} Ke6 {[%clk 00:21:17]} 55. Ra6+ {[%clk 00:03:54]} Ke7 {[%clk
00:21:41]} 56. Rxa5 {[%clk 00:04:11]} Rb4+ {[%clk 00:22:05]} 57. Kf3 {[%clk
00:04:40]} Rb6 {[%clk 00:19:35]} 58. Ra4 {[%clk 00:04:48]} Re6 {[%clk
00:19:48]} 59. Ke4 {[%clk 00:05:08]} Kf8 60. Ra8+ {[%clk 00:03:06]} Kg7 {[%clk
00:20:31]} 61. Rd8 {[%clk 00:03:16]} Ra6 {[%clk 00:20:37]} 62. Rd6 {[%clk
00:02:57]} Ra4+ {[%clk 00:21:02]} 63. Kf3 {[%clk 00:03:11]} Ra7 {[%clk
00:20:15]} {[%emt 00:00:57]} 64. Rf6 {[%clk 00:03:32]} {[%emt 00:00:09]} Ra4
{[%clk 00:19:12]} {[%emt 00:01:32]} 65. Kg4 {[%clk 00:02:37]} {[%emt 00:01:25]}
Re4 {[%clk 00:18:46]} {[%emt 00:00:56]} 66. Kf3 {[%clk 00:02:45]} {[%emt
00:00:24]} Ra4 {[%clk 00:19:10]} {[%emt 00:00:04]} 67. e6 {[%clk 00:03:06]}
{[%emt 00:00:11]} fxe6 {[%clk 00:19:33]} {[%emt 00:00:08]} 68. Rxe6 {[%clk
00:03:35]} Kf7 {[%clk 00:18:27]} {[%emt 00:01:35]} 69. Rd6 {[%clk 00:03:52]}
{[%emt 00:00:12]} Rb4 {[%clk 00:18:15]} {[%emt 00:00:43]} 70. Rd7+ {[%clk
00:04:04]} {[%emt 00:00:17]} Kg8 {[%clk 00:17:39]} {[%emt 00:01:06]} 71. Ke3
{[%clk 00:04:09]} {[%emt 00:00:24]} Ra4 {[%clk 00:17:59]} {[%emt 00:00:13]} 72.
Rd4 {[%clk 00:04:28]} {[%emt 00:00:08]} Ra1 {[%clk 00:17:40]} {[%emt 00:00:49]}
73. Ke4 {[%clk 00:04:47]} {[%emt 00:00:14]} Re1+ {[%clk 00:18:05]} {[%emt
00:00:02]} 74. Kd5 {[%clk 00:05:15]} {[%emt 00:00:02]} Kf7 {[%clk 00:18:19]}
{[%emt 00:00:16]} 75. Kc6 {[%clk 00:04:55]} {[%emt 00:00:52]} Re2 {[%clk
00:17:53]} {[%emt 00:00:56]} 76. Rd6 {[%emt 00:01:52]} Re4 {[%clk 00:17:56]} 77.
Rf6+ {[%clk 00:01:56]} {[%emt 00:02:33]} Kg7 {[%clk 00:18:20]} {[%emt
00:00:07]} 78. Kd5 {[%clk 00:02:05]} {[%emt 00:00:20]} Re1 {[%clk 00:17:56]}
{[%emt 00:00:54]} 79. Ra6 {[%clk 00:01:48]} {[%emt 00:00:46]} Kf7 {[%clk
00:18:01]} {[%emt 00:00:26]} 80. Ra7+ {[%clk 00:02:12]} {[%emt 00:00:06]} Kg8
{[%clk 00:18:24]} {[%emt 00:00:06]} 81. Ra4 {[%clk 00:01:14]} {[%emt 00:01:29]}
Kf7 {[%clk 00:18:21]} {[%emt 00:00:32]} 82. Re4 {[%clk 00:01:16]} {[%emt
00:00:28]} Rd1+ {[%clk 00:18:46]} {[%emt 00:00:05]} 83. Ke5 {[%clk 00:01:40]}
{[%emt 00:00:07]} Rd7 {[%clk 00:17:14]} {[%emt 00:02:01]} 84. f5 {[%clk
00:01:21]} {[%emt 00:00:50]} gxf5 {[%clk 00:17:20]} {[%emt 00:00:24]} 85. Kxf5
{[%clk 00:01:48]} {[%emt 00:00:05]} Rd6 {[%clk 00:15:47]} {[%emt 00:02:00]} 86.
Ra4 {[%clk 00:01:56]} {[%emt 00:00:24]} Rd5+ {[%clk 00:16:08]} {[%emt
00:00:08]} 87. Kg4 {[%clk 00:02:21]} {[%emt 00:00:04]} Kg6 {[%clk 00:15:25]}
{[%emt 00:01:13]} 88. Ra6+ {[%clk 00:02:48]} {[%emt 00:00:04]} Kg7 {[%clk
00:15:50]} {[%emt 00:00:05]} 89. Kh5 {[%clk 00:03:10]} {[%emt 00:00:08]} Rd7
{[%clk 00:14:04]} {[%emt 00:02:15]} 90. Rg6+ {[%clk 00:02:17]} {[%emt
00:01:23]} Kh7 {[%clk 00:14:29]} {[%emt 00:00:05]} 91. Re6 {[%clk 00:02:06]}
{[%emt 00:00:42]} Kg7 {[%clk 00:14:46]} {[%emt 00:00:13]} 92. Kg4 {[%clk
00:02:32]} {[%emt 00:00:04]} Rf7 {[%clk 00:14:55]} {[%emt 00:00:21]} 93. Rd6
{[%clk 00:01:18]} {[%emt 00:01:44]} Rf1 {[%clk 00:14:35]} {[%emt 00:00:50]} 94.
Re6 {[%clk 00:00:47]} {[%emt 00:01:01]} Kf7 {[%clk 00:14:29]} {[%emt 00:00:33]}
95. Ra6 {[%clk 00:00:40]} {[%emt 00:00:36]} Kg7 {[%clk 00:14:52]} {[%emt
00:00:08]} 96. Ra4 {[%clk 00:00:48]} {[%emt 00:00:21]} Kg6 {[%clk 00:15:05]}
{[%emt 00:00:17]} 97. Ra6+ {[%clk 00:00:39]} {[%emt 00:00:40]} Kg7 {[%clk
00:15:30]} {[%emt 00:00:05]} 98. Rd6 {[%clk 00:00:40]} {[%emt 00:00:28]} Kf7
{[%clk 00:14:49]} {[%emt 00:01:12]} 99. Rd8 {[%clk 00:00:45]} {[%emt 00:00:25]}
Kg6 {[%clk 00:15:04]} {[%emt 00:00:15]} 100. Rg8+ {[%clk 00:00:43]} {[%emt
00:00:32]} Kf7 {[%clk 00:15:11]} {[%emt 00:00:22]} 101. Rh8 {[%clk 00:00:41]}
{[%emt 00:00:32]} Kg6 {[%clk 00:14:56]} {[%emt 00:00:45]} 102. Rh6+ {[%clk
00:01:06]} {[%emt 00:00:04]} Kg7 {[%clk 00:15:21]} {[%emt 00:00:06]} 103. Rf6
{[%emt 00:01:00]} Rxf6 104. gxf6+ {[%clk 00:00:37]} Kxf6 {[%clk 00:15:43]}
 1/2-1/2

[Event "1st 4NCL Easter Congress"]
[Site "Stevenage"]
[Date "2019.04.22"]
[Round "6"]
[Board "2"]
[White "Gray, Edward"]
[Black "Karumazondo, Ragarirai Ernest"]
[Result "0-1"]
[WhiteElo "1704"]
[BlackElo "1896"]
[PlyCount "0"]
[EventDate "2019.04.19"]
[EventRounds "7"]
[EventCountry "ENG"]

1. e4 {[%clk 01:30:57]} c5 {[%clk 01:30:24]} 2. Nc3 {[%clk 01:31:17]} Nc6
{[%clk 01:29:31]} 3. Bb5 {[%clk 01:31:31]} e5 {[%clk 01:25:37]} 4. Bxc6 {[%clk
01:31:27]} dxc6 {[%clk 01:24:25]} 5. d3 {[%clk 01:31:26]} Be6 {[%clk 01:22:48]}
6. f4 {[%clk 01:28:51]} exf4 {[%clk 01:20:52]} 7. Bxf4 {[%clk 01:28:26]} Ne7
{[%clk 01:20:06]} 8. Nf3 {[%clk 01:28:24]} Ng6 {[%clk 01:20:23]} 9. Be3 {[%clk
01:28:04]} f6 {[%clk 01:17:52]} 10. Qd2 {[%clk 01:26:41]} Qc7 {[%clk 01:07:38]}
11. Ne2 {[%clk 01:22:04]} Bd6 {[%clk 01:04:15]} 12. c3 {[%clk 01:21:34]} Ne5
{[%clk 01:02:56]} 13. Nxe5 {[%clk 01:21:04]} Bxe5 {[%clk 01:00:47]} 14. g3
{[%clk 01:19:19]} b6 {[%clk 01:00:27]} 15. Nf4 {[%clk 01:18:11]} Bf7 {[%clk
01:00:13]} 16. d4 {[%clk 01:17:18]} O-O-O {[%clk 00:55:51]} 17. Qf2 {[%clk
01:15:42]} cxd4 {[%clk 00:55:31]} 18. cxd4 {[%clk 01:15:37]} Bd6 {[%clk
00:55:17]} 19. O-O {[%clk 01:15:12]} h5 {[%clk 00:55:27]} 20. d5 {[%clk
01:14:55]} g5 {[%clk 00:54:53]} 21. Rac1 {[%clk 01:12:46]} {[%emt 00:01:06]}
gxf4 {[%clk 00:43:18]} {[%emt 00:12:05]} 22. Rxc6 {[%clk 01:13:06]} {[%emt
00:00:09]} Qxc6 {[%clk 00:42:36]} {[%emt 00:01:12]} 23. dxc6 {[%clk 01:13:30]}
{[%emt 00:00:06]} fxe3 {[%clk 00:42:49]} {[%emt 00:00:17]} 24. Qxf6 {[%clk
01:13:12]} {[%emt 00:00:48]} Rhf8 {[%clk 00:41:41]} {[%emt 00:01:39]} 25. Qf5+
{[%clk 01:04:36]} {[%emt 00:09:04]} Kb8 {[%clk 00:39:50]} {[%emt 00:02:23]} 26.
Qh7 {[%clk 00:54:58]} {[%emt 00:10:07]} e2 {[%clk 00:36:59]} {[%emt 00:03:22]}
27. Re1 {[%clk 00:55:24]} {[%emt 00:00:04]} Bc5+ {[%clk 00:35:21]} {[%emt
00:02:07]} 28. Kg2 {[%clk 00:55:48]} {[%emt 00:00:06]} h4 {[%clk 00:29:02]}
{[%emt 00:06:50]} 29. Rxe2 {[%clk 00:55:08]} {[%emt 00:01:10]} h3+ {[%clk
00:29:18]} {[%emt 00:00:14]} 30. Qxh3 {[%clk 00:55:31]} {[%emt 00:00:07]} Bc4
{[%clk 00:29:38]} {[%emt 00:00:09]} 31. Re1 {[%clk 00:49:23]} {[%emt 00:06:39]}
Rd2+ {[%clk 00:29:28]} {[%emt 00:00:39]} 32. Kh1 {[%clk 00:49:34]} {[%emt
00:00:18]} Be2 {[%clk 00:28:27]} {[%emt 00:01:32]} 33. c7+ {[%clk 00:44:26]}
{[%emt 00:05:39]} Kxc7 {[%clk 00:28:39]} {[%emt 00:00:18]} 34. Qh7+ {[%clk
00:44:36]} {[%emt 00:00:20]} Kb8 {[%clk 00:28:54]} {[%emt 00:00:14]} 35. Rxe2
{[%clk 00:44:23]} {[%emt 00:00:43]} Rxe2 {[%clk 00:29:12]} {[%emt 00:00:12]} 36.
Qf5 {[%clk 00:44:13]} {[%emt 00:00:40]} Rxf5 {[%clk 00:29:18]} {[%emt
00:00:25]} 37. exf5 {[%clk 00:44:37]} {[%emt 00:00:07]} Rxb2 {[%clk 00:29:23]}
{[%emt 00:00:24]} 38. g4 {[%clk 00:44:55]} {[%emt 00:00:11]} Be7 {[%clk
00:29:43]} {[%emt 00:00:22]}  0-1

[Event "1st 4NCL Easter Congress"]
[Site "Stevenage"]
[Date "2019.04.22"]
[Round "6"]
[Board "3"]
[White "Ai, Farshad"]
[Black "De Coverly, Roger D"]
[Result "0-1"]
[WhiteElo "1945"]
[BlackElo "1953"]
[PlyCount "0"]
[EventDate "2019.04.19"]
[EventRounds "7"]
[EventCountry "ENG"]

1. c4 {[%clk 01:30:53]} Nf6 {[%clk 01:30:57]} 2. g3 {[%clk 01:31:17]} e5 {[%clk
01:31:13]} 3. Bg2 {[%clk 01:31:22]} d5 {[%clk 01:31:26]} 4. cxd5 {[%clk
01:31:20]} Nxd5 {[%clk 01:31:50]} 5. Nf3 {[%clk 01:29:28]} Nc6 {[%clk
01:32:16]} 6. Nc3 {[%clk 01:28:45]} Nb6 {[%clk 01:32:31]} 7. O-O {[%clk
01:28:14]} Be6 {[%clk 01:32:01]} 8. d3 {[%clk 01:23:06]} Be7 {[%clk 01:30:19]}
9. a3 {[%clk 01:16:31]} h5 {[%clk 01:25:45]} 10. h4 {[%clk 01:08:14]} f6 {[%clk
01:23:40]} 11. Be3 {[%clk 01:02:54]} Qd7 {[%clk 01:20:58]} 12. Rc1 {[%clk
00:58:20]} O-O-O {[%clk 01:18:00]} 13. Ne4 {[%clk 00:55:13]} Kb8 {[%clk
01:14:19]} 14. Nc5 {[%clk 00:52:41]} Bxc5 15. Bxc5 {[%clk 00:46:45]} {[%emt
00:01:54]} g5 {[%clk 01:11:34]} {[%emt 00:02:58]} 16. Qc2 {[%clk 00:40:34]}
{[%emt 00:06:40]} Bg4 {[%clk 01:09:25]} {[%emt 00:02:41]} 17. hxg5 {[%clk
00:34:01]} {[%emt 00:07:03]} h4 {[%clk 01:07:06]} {[%emt 00:02:49]} 18. Rfd1
{[%clk 00:21:39]} {[%emt 00:12:52]} hxg3 {[%clk 01:04:37]} {[%emt 00:02:59]} 19.
fxg3 {[%clk 00:21:15]} {[%emt 00:00:53]} Bh3 {[%clk 00:56:18]} {[%emt
00:08:49]} 20. Bxb6 {[%clk 00:17:44]} {[%emt 00:04:01]} axb6 {[%clk 00:55:12]}
{[%emt 00:01:36]} 21. e3 {[%clk 00:17:02]} {[%emt 00:01:10]} Qg4 {[%clk
00:53:06]} {[%emt 00:02:37]} 22. Qf2 {[%clk 00:15:29]} {[%emt 00:02:04]} Bxg2
{[%clk 00:52:37]} {[%emt 00:00:59]} 23. Qxg2 {[%clk 00:15:45]} {[%emt
00:00:13]} Rh3 {[%clk 00:52:24]} {[%emt 00:00:44]} 24. Kf2 {[%clk 00:15:41]}
{[%emt 00:00:33]} fxg5 {[%clk 00:50:43]} {[%emt 00:02:12]} 25. b4 {[%clk
00:11:57]} {[%emt 00:04:14]} Rf8 {[%clk 00:48:31]} {[%emt 00:02:41]} 26. Rxc6
{[%clk 00:06:22]} {[%emt 00:06:06]} Rxf3+ {[%clk 00:47:42]} {[%emt 00:01:19]}
27. Qxf3 {[%clk 00:04:09]} {[%emt 00:02:43]} Rh2+ {[%clk 00:48:05]} {[%emt
00:00:07]} 28. Qg2 {[%clk 00:02:37]} {[%emt 00:02:02]} Rxg2+ {[%clk 00:48:29]}
{[%emt 00:00:07]} 29. Kxg2 {[%clk 00:03:04]} {[%emt 00:00:03]} bxc6 {[%clk
00:48:46]} {[%emt 00:00:12]} 30. Rd2 {[%clk 00:03:05]} {[%emt 00:00:28]} Qh5
{[%clk 00:48:05]} {[%emt 00:01:12]} 31. Kg1 {[%clk 00:00:56]} {[%emt 00:02:38]}
Qf3 {[%clk 00:48:23]} {[%emt 00:00:13]} 32. Rg2 {[%clk 00:00:41]} {[%emt
00:00:45]} Qxe3+ {[%clk 00:48:40]} {[%emt 00:00:13]} 33. Kh2 {[%clk 00:01:03]}
{[%emt 00:00:08]} Qxd3 {[%clk 00:48:56]} {[%emt 00:00:14]}  0-1

[Event "1st 4NCL Easter Congress"]
[Site "Stevenage"]
[Date "2019.04.22"]
[Round "6"]
[Board "4"]
[White "Cherupalli, Ramprasad"]
[Black "Gittens, Nathan L"]
[Result "1-0"]
[WhiteElo "1859"]
[BlackElo "1842"]
[PlyCount "0"]
[EventDate "2019.04.19"]
[EventRounds "7"]
[EventCountry "ENG"]

1. Nf3 {[%clk 01:30:57]} {[%emt 00:00:02]} Nf6 {[%clk 01:30:55]} {[%emt
00:00:05]} 2. g3 {[%clk 01:31:21]} {[%emt 00:00:06]} b5 {[%clk 01:31:21]}
{[%emt 00:00:05]} 3. Bg2 {[%clk 01:31:39]} {[%emt 00:00:11]} Bb7 {[%clk
01:31:46]} {[%emt 00:00:06]} 4. d4 {[%clk 01:31:04]} {[%emt 00:01:05]} e6
{[%clk 01:31:35]} {[%emt 00:00:41]} 5. a4 {[%clk 01:30:46]} {[%emt 00:00:48]}
b4 {[%clk 01:31:46]} {[%emt 00:00:19]} 6. c4 {[%clk 01:30:43]} {[%emt
00:00:33]} bxc3 {[%clk 01:24:00]} {[%emt 00:08:16]} 7. bxc3 {[%clk 01:30:18]}
{[%emt 00:00:55]} d5 {[%clk 01:23:32]} {[%emt 00:00:59]} 8. Na3 {[%clk
01:27:18]} {[%emt 00:03:30]} Nc6 {[%clk 01:23:15]} {[%emt 00:00:47]} 9. O-O
{[%clk 01:23:41]} {[%emt 00:04:06]} Ne4 {[%clk 01:16:02]} {[%emt 00:07:43]} 10.
Qc2 {[%clk 01:15:52]} {[%emt 00:08:19]} Be7 {[%clk 00:59:19]} {[%emt 00:17:13]}
11. Nd2 {[%clk 01:16:00]} {[%emt 00:00:22]} Nxd2 {[%clk 00:57:36]} {[%emt
00:02:13]} 12. Bxd2 {[%clk 01:16:17]} {[%emt 00:00:13]} O-O {[%clk 00:55:49]}
{[%emt 00:02:18]} 13. e4 {[%clk 01:13:34]} {[%emt 00:03:13]} Na5 {[%clk
00:50:19]} {[%emt 00:06:00]} 14. c4 {[%emt 00:06:58]} c5 {[%clk 00:50:17]} 15.
exd5 {[%clk 00:56:35]} {[%emt 00:11:33]} exd5 {[%clk 00:50:02]} {[%emt
00:00:45]} 16. cxd5 {[%clk 00:55:00]} {[%emt 00:02:05]} Ba6 {[%clk 00:48:23]}
{[%emt 00:02:09]} 17. Rfe1 {[%clk 00:53:24]} {[%emt 00:02:05]} Bf6 {[%clk
00:46:50]} {[%emt 00:02:03]} 18. dxc5 {[%clk 00:45:09]} {[%emt 00:08:44]} Bxa1
{[%clk 00:43:30]} {[%emt 00:03:51]} 19. Rxa1 {[%clk 00:45:32]} {[%emt
00:00:07]} Rb8 {[%clk 00:43:56]} {[%emt 00:00:04]} 20. Nb5 {[%clk 00:43:07]}
{[%emt 00:02:55]} Bxb5 {[%clk 00:43:21]} {[%emt 00:01:05]} 21. axb5 {[%clk
00:43:30]} {[%emt 00:00:06]} Rxb5 {[%clk 00:43:46]} {[%emt 00:00:05]} 22. Bf1
{[%clk 00:43:52]} {[%emt 00:00:08]} Nb3 {[%clk 00:44:05]} {[%emt 00:00:11]} 23.
Bxb5 {[%clk 00:39:24]} {[%emt 00:04:58]} Qxd5 {[%clk 00:40:19]} {[%emt
00:04:16]} 24. Rd1 {[%clk 00:37:49]} {[%emt 00:02:04]} Nd4 {[%clk 00:39:55]}
{[%emt 00:00:55]} 25. Qc4 {[%clk 00:25:08]} {[%emt 00:13:10]} Nf3+ {[%clk
00:38:56]} {[%emt 00:01:29]} 26. Kg2 {[%clk 00:25:31]} {[%emt 00:00:07]} Nh4+
{[%clk 00:33:15]} {[%emt 00:06:12]} 27. Kh3 {[%clk 00:25:37]} {[%emt 00:00:23]}
Qh5 {[%clk 00:33:35]} {[%emt 00:00:11]} 28. g4 {[%clk 00:18:16]} {[%emt
00:07:52]} Qe5 {[%clk 00:33:33]} {[%emt 00:00:31]} 29. Bf4 {[%clk 00:15:49]}
{[%emt 00:02:57]}  1-0

[Event "1st 4NCL Easter Congress"]
[Site "Stevenage"]
[Date "2019.04.22"]
[Round "6"]
[Board "5"]
[White "Merriman, James"]
[Black "Gibbs, Dominic V"]
[Result "1-0"]
[WhiteElo "1760"]
[BlackElo "1946"]
[PlyCount "0"]
[EventDate "2019.04.19"]
[EventRounds "7"]
[EventCountry "ENG"]

1. d4 {[%clk 01:29:13]} {[%emt 00:01:46]} e6 {[%clk 01:30:51]} {[%emt
00:00:09]} 2. c4 {[%clk 01:28:23]} {[%emt 00:01:19]} f5 {[%clk 01:31:00]}
{[%emt 00:00:21]} 3. g3 {[%clk 01:28:42]} {[%emt 00:00:12]} Nf6 {[%clk
01:31:09]} {[%emt 00:00:21]} 4. Bg2 {[%clk 01:29:03]} {[%emt 00:00:10]} d5
{[%clk 01:30:54]} {[%emt 00:00:45]} 5. Nh3 {[%clk 01:28:18]} {[%emt 00:01:14]}
c6 {[%clk 01:31:08]} {[%emt 00:00:16]} 6. O-O {[%clk 01:27:28]} {[%emt
00:01:20]} Bd6 {[%clk 01:31:33]} {[%emt 00:00:06]} 7. Bf4 {[%clk 01:27:21]}
{[%emt 00:00:36]} Be7 {[%clk 01:31:44]} {[%emt 00:00:19]} 8. Nd2 {[%clk
01:25:56]} {[%emt 00:01:55]} O-O {[%clk 01:31:59]} {[%emt 00:00:14]} 9. Nf3
{[%clk 01:25:18]} {[%emt 00:01:10]} Nbd7 {[%clk 01:31:43]} {[%emt 00:00:46]} 10.
Nhg5 {[%clk 01:20:35]} {[%emt 00:05:13]} Nb8 {[%clk 01:28:56]} {[%emt
00:03:17]} 11. h4 {[%clk 01:18:13]} {[%emt 00:02:52]} h6 {[%clk 01:26:51]}
{[%emt 00:02:34]} 12. Nh3 {[%clk 01:18:35]} {[%emt 00:00:08]} Ne4 {[%clk
01:26:28]} {[%emt 00:00:54]} 13. Ne5 {[%clk 01:17:02]} {[%emt 00:02:03]} Qe8
{[%clk 01:24:29]} {[%emt 00:02:27]} 14. f3 {[%clk 01:09:24]} {[%emt 00:08:09]}
Nf6 {[%clk 01:24:46]} {[%emt 00:00:13]} 15. Qe1 {[%clk 01:07:24]} {[%emt
00:02:31]} Nbd7 {[%clk 01:24:14]} {[%emt 00:01:01]} 16. e4 {[%clk 01:00:53]}
{[%emt 00:07:02]} Nxe5 {[%clk 01:21:09]} {[%emt 00:03:35]} 17. dxe5 {[%clk
00:58:43]} {[%emt 00:02:41]} Nh7 {[%clk 01:16:25]} {[%emt 00:05:13]} 18. exd5
{[%clk 00:57:15]} {[%emt 00:01:59]} exd5 {[%clk 01:14:32]} {[%emt 00:02:22]} 19.
cxd5 {[%clk 00:56:59]} {[%emt 00:00:47]} cxd5 {[%clk 01:14:43]} {[%emt
00:00:18]} 20. Qd2 {[%clk 00:56:45]} {[%emt 00:00:44]} Be6 {[%clk 01:13:45]}
{[%emt 00:01:28]} 21. Be3 {[%clk 00:55:53]} {[%emt 00:01:21]} d4 {[%clk
01:06:58]} {[%emt 00:07:18]} 22. Qxd4 {[%clk 00:52:53]} {[%emt 00:03:31]} Qb5
{[%clk 01:05:25]} {[%emt 00:02:02]} 23. a4 {[%clk 00:45:53]} {[%emt 00:07:31]}
Qb3 {[%clk 01:02:06]} {[%emt 00:03:48]} 24. Qc3 {[%clk 00:45:32]} {[%emt
00:00:48]} Qxc3 {[%clk 01:00:57]} {[%emt 00:01:42]} 25. bxc3 {[%clk 00:45:55]}
{[%emt 00:00:08]} Rfc8 {[%clk 00:56:29]} {[%emt 00:04:57]} 26. Rfc1 {[%clk
00:44:22]} {[%emt 00:02:01]} Rc7 {[%clk 00:52:15]} {[%emt 00:04:46]} 27. Nf4
{[%clk 00:40:23]} {[%emt 00:04:28]} Bc4 {[%clk 00:50:52]} {[%emt 00:01:54]} 28.
Bh3 {[%clk 00:33:13]} {[%emt 00:07:39]} Bc5 {[%clk 00:48:36]} {[%emt 00:02:47]}
29. Bxc5 {[%clk 00:31:11]} {[%emt 00:02:32]} Rxc5 {[%clk 00:49:04]} {[%emt
00:00:03]} 30. Re1 {[%clk 00:31:02]} {[%emt 00:00:35]} Re8 {[%clk 00:47:25]}
{[%emt 00:02:11]} 31. Ng6 {[%clk 00:26:32]} {[%emt 00:04:59]} Bd3 {[%clk
00:42:59]} {[%emt 00:04:59]} 32. Re3 {[%clk 00:26:41]} {[%emt 00:00:21]} Bc2
{[%clk 00:29:01]} {[%emt 00:14:27]} 33. Ra2 {[%clk 00:24:02]} {[%emt 00:03:09]}
Kf7 {[%clk 00:27:57]} {[%emt 00:01:32]} 34. Rxc2 {[%clk 00:23:39]} {[%emt
00:00:53]} Kxg6 {[%clk 00:28:06]} {[%emt 00:00:21]} 35. h5+ {[%clk 00:23:34]}
{[%emt 00:00:34]} Kf7 {[%clk 00:26:33]} {[%emt 00:02:05]} 36. Bxf5 {[%clk
00:23:57]} {[%emt 00:00:07]} Ng5 {[%clk 00:26:42]} {[%emt 00:00:20]} 37. Bg6+
{[%clk 00:24:22]}  1-0